00418nam a2200145Ia 4500003000400000005001700004008004100021040000900062082002000071100002800091245008200119260004800201300000900249650001400258OSt20201228144630.0190216s9999||||xx |||||||||||||| ||und|| coclc a894.8121bEZH/S aEzhuthachan, Thunchath  0aSundarakandam :bSree Adhyatma Ramayanam Kilippattu /c Thunchath Ezhuthachan bNational publishing house c1997,aCalicut: a110p aKavithkal